Fr. Conceicao Rodrigues College of Engineering

General Chemistry (Record no. 23001)

MARC details
000 -LEADER
fixed length control field 00330nam a2200157Ia 4500
082 ## - DEWEY DECIMAL CLASSIFICATION NUMBER
Classification number 540
Item number Sel
100 ## - MAIN ENTRY--PERSONAL NAME
Personal name Selwood/P.W
245 ## - TITLE STATEMENT
Title General Chemistry
260 ## - PUBLICATION, DISTRIBUTION, ETC.
Name of publisher, distributor, etc. Charles & Merill Books
Place of publication, distribution, etc. Newyork
Date of publication, distribution, etc. 1959
300 ## - PHYSICAL DESCRIPTION
Extent 660
546 ## - LANGUAGE NOTE
Language note ENGLISH
650 ## - SUBJECT ADDED ENTRY--TOPICAL TERM
Topical term or geographic name entry element Chemistry
654 ## - SUBJECT ADDED ENTRY--FACETED TOPICAL TERMS
Focus term chemistry
942 ## - ADDED ENTRY ELEMENTS (KOHA)
Koha item type BOOK
Holdings
Withdrawn status Lost status Damaged status Not for loan Collection Home library Current library Date acquired Total Checkouts Full call number Barcode Date last seen Price effective from Koha item type
        AFT Fr. Agnel's C.Rodrigues College of Engineering Fr. Agnel's C.Rodrigues College of Engineering 17/03/2023   540 Sel AFT1578 17/03/2023 17/03/2023 BOOK